000 00502nam a22001697a 4500
005 20251108171846.0
008 250721s1970 xx 000 0 ara d
082 1 4 _aم/213.3/صنع
100 1 _aالصنعاني، أبو بكر عبد الرزاق بن همام
245 1 0 _aالمصنف /
264 1 _aبيرت :
_bالمجلس العلمي،
_c1970.
300 _a11ج
650 1 7 _aالدين الإسلامي
650 1 7 _aالحديث النبوي
942 _2ddc
_cREF
999 _c64442
_d64442